[Event "Amager CC-ch"]
[Site "Amager"]
[Date "2006.04.04"]
[Round "8"]
[White "Henriksen, Carsten W"]
[Black "Kokholm, Daniel"]
[Result "1/2-1/2"]
[WhiteElo "1640"]
[BlackElo "1781"]
[PlyCount "44"]
[EventDate "2006.01.10"]
[EventType "swiss"]
[EventRounds "9"]
[EventCountry "DEN"]
[SourceTitle "EXT 2023"]
[Source "ChessBase"]
[SourceDate "2022.10.05"]
[SourceVersion "1"]
[SourceVersionDate "2022.10.05"]
[SourceQuality "1"]

1. e4 c5 2. Nf3 d6 3. Nc3 Nc6 4. d4 cxd4 5. Nxd4 Nf6 6. Bg5 Qa5 7. Bxf6 gxf6 8. g3 a6 9. Bg2 Bd7 10. Nb3 Qd8 11. Nd5 e6 12. Ne3 Na5 13. c3 Rc8 14. Nxa5 Qxa5 15. Ng4 Be7 16. 0-0 Qb6 17. Rb1 h5 18. Ne3 Bc6 19. Qd2 Kd7 20. Rfd1 Rcd8 21. Nc4 Qc7 22. Qe3 b5 1/2-1/2

[Event "Amager CC-ch"]
[Site "Amager"]
[Date "2006.01.24"]
[Round "2"]
[White "Moller, Arne Vagn"]
[Black "Henriksen, Carsten W"]
[Result "1/2-1/2"]
[WhiteElo "1680"]
[BlackElo "1640"]
[PlyCount "115"]
[EventDate "2006.01.10"]
[EventType "swiss"]
[EventRounds "9"]
[EventCountry "DEN"]
[SourceTitle "EXT 2023"]
[Source "ChessBase"]
[SourceDate "2022.10.05"]
[SourceVersion "1"]
[SourceVersionDate "2022.10.05"]
[SourceQuality "1"]

1. e4 c5 2. b3 d6 3. Bb2 e6 4. Nf3 Nf6 5. d3 Be7 6. Be2 0-0 7. 0-0 Nc6 8. Nbd2 d5 9. exd5 exd5 10. d4 h6 11. dxc5 Bxc5 12. a3 Be6 13. b4 Be7 14. Nb3 a6 15. Nfd4 Nxd4 16. Bxd4 Qc7 17. Bd3 Ng4 18. f4 Bf6 19. Bxf6 Nxf6 20. f5 Bd7 21. Qf3 Rac8 22. Kh1 Qd6 23. Nc5 Bc6 24. Qf4 Qxf4 25. Rxf4 Nd7 26. Nxd7 Bxd7 27. Rd4 Bc6 28. Kg1 b5 29. g4 Rfe8 30. Kf2 Re5 31. Re1 f6 32. Rg1 Rce8 33. h4 Bd7 34. Rf4 R8e7 35. g5 hxg5 36. hxg5 fxg5 37. Rxg5 Rf7 38. Kf3 Rf6 39. Rfg4 Re7 40. Kf4 Be8 41. Rg3 Rc6 42. Re3 Rxe3 43. Kxe3 Kf7 44. Kd4 Kf6 45. Rg1 Bf7 46. Rg2 Rc8 47. Re2 Rc6 48. c3 Rc8 49. a4 bxa4 50. Ra2 Be8 51. Bxa6 Rc7 52. Bd3 Ra7 53. Ra3 Rc7 54. b5 Rb7 55. Kc5 Ke5 56. Kb4 Bxb5 57. Bxb5 Kxf5 58. Kc5 1/2-1/2